|
|
|
|
| LEADER |
00843nam a2200241 i 4500 |
| 001 |
c000078517 |
| 003 |
CARM |
| 005 |
00000000000000.0 |
| 008 |
750214s1975 enk 00011 eng d |
| 015 |
|
|
|a B7505196
|
| 019 |
1 |
|
|a 3553799
|5 LACONCORD2021
|
| 020 |
|
|
|a 0709145152 :
|c L.2.00
|
| 035 |
|
|
|a (OCoLC)59702501
|5 LACONCORD2021
|
| 100 |
1 |
|
|a Leader, Charles,
|d 1938-
|
| 245 |
1 |
2 |
|a A wreath of poppies /
|c Charles Leader.
|
| 260 |
|
|
|a London :
|b Hale,
|c 1975.
|
| 300 |
|
|
|a 192 p. ;
|c 21cm.
|
| 500 |
|
|
|a Fiction in English, 1900-. Texts (BNB/PRECIS)
|
| 650 |
|
0 |
|a English fiction.
|
| 852 |
8 |
|
|b CARM
|h A2:AH08G0
|i A01844
|p 0135321
|f BK
|
| 082 |
0 |
4 |
|a 823/.9/1
|2 18
|
| 999 |
f |
f |
|i 5273f012-64cc-5b43-af83-4d598e2c2d31
|s 130d592f-7fc8-5d1d-ae01-d2ed2ece96c2
|
| 952 |
f |
f |
|p Can circulate
|a CAVAL
|b CAVAL
|c CAVAL
|d CARM 1 Store
|e A01844
|f A2:AH08G0
|h Other scheme
|i book
|m 0135321
|